LEADER 01325nam a2200253 i 4500 001 000000166273 003 CaOOAMICUS 005 20240724104742.0 008 071108s1938 it u000 u ita u 040 $aSeMil$bita 100 1 $aPasquali, Pietro Settimio <1910-1940>.$0(OLS)http://semarc/name/62660 245 12$aI nomi di luogo del Comune di Filattiera :$b(Alta Val di Magra) /$cPietro Settimio Pasquali ; prefazione di Luigi Sorrento. 264 1$aMilano :$bVita e Pensiero,$c1938. 300 $aIX, 320 p., [3] c. di tav. (c. geogr.) ;$c26 cm. 490 1 $aPubblicazioni della Università Cattolica del Sacro Cuore. Ser. 4., Scienze filologiche ;$v31 650 4$aFilattiera - Odonomastica.$0(OLS)http://semarc/subject/55365 700 1 $aSorrento, Luigi,$d<1884-1953>.$0(OLS)http://semarc/name/6575 830 0$aPubblicazioni della Università Cattolica del Sacro Cuore. Ser. 4., Scienze filologiche ;$v31.$0(OLS)http://semarc/title/9538 850 $aSeMil 852 $aSeMil$W1$xVenegono$y1$m1F VI 39$j117444$B117444$CSeMilBibl$Z2$F128432 $81 961 $aRecupero: Altro 996 $6245$aI nomi di luogo del Comune di Filattiera :$b(Alta Val di Magra)$9(OLS)http://semarc/title/237519 996 $6264$aMilano :$bVita e Pensiero$9(OLS)http://semarc/publisher/29642 LEADER 01220nam a2200265 i 4500 001 000000355910 003 CaOOAMICUS 005 20231024085328.0 008 231024s2023 fr u000 u fre u 040 $aSeMil$bita 041 1 $afre$agrc 100 0 $aEpiphanius,$c.$0(OLS)http://semarc/name/5724 240 10$aPanarion.$0(OLS)http://semarc/title/343485 245 10$aPanarion /$cÉpiphane de Salamine ; introduction, texte grec révisé, traduction et notes Aline Pourkier. 264 1$aParis :$bLes Éditions du Cerf,$c2023- 300 $av. ;$c20 cm. 490 1 $aSources chrétiennes 546 $aTesto in greco antico e traduzione francese 650 04$aEpifanio : di Salamina . Panarion.$0(OLS)http://semarc/subject/54641 700 1 $aPourkier, Aline,$d<1942- >.$0(OLS)http://semarc/name/118572 774 0 $t1: Livre 1, Hérésies 1 à 25.$dParis : Les Éditions du Cerf, 2023.$kSources chrétiennes$z978-2-204-14958-7$w()355911 830 0$aSources chrétiennes.$0(OLS)http://semarc/title/72 996 $6245$aPanarion$9(OLS)http://semarc/title/435878 996 $6264$aParis :$bLes Éditions du Cerf$9(OLS)http://semarc/publisher/29611